书目信息 |
| 题名: |
城市燃气
|
|
| 作者: | 姜润宇 主编 | |
| 分册: | ||
| 出版信息: | 北京 中国市场出版社 2006.01 |
|
| 页数: | 316页 | |
| 开本: | 21cm | |
| 丛书名: | ||
| 单 册: | ||
| 中图分类: | F294.2 | |
| 科图分类: | ||
| 主题词: | 城市燃气--cheng shi ran qi--管理体制--体制改革--研究--世界 | |
| 电子资源: | ||
| ISBN: | 7-80155-961-4 | |
| 000 | 01045nam0 2200253 450 | |
| 001 | 012006077968 | |
| 005 | 20060530090530.56 | |
| 010 | @a7-80155-961-4@dCNY28.00 | |
| 100 | @a20060421d2006 km y0chiy0120 ea | |
| 101 | 0 | @achi |
| 102 | @aCN@b110000 | |
| 105 | @aa a 000yy | |
| 200 | 1 | @a城市燃气@Acheng shi ran qi@d= City gas,regulation system of EU & reform of China@e欧盟的管理体制和中国的改革@f姜润宇主编@Fjiang run yu zhu bian@zeng |
| 210 | @a北京@c中国市场出版社@d2006.01 | |
| 215 | @a316页@c图@d21cm | |
| 320 | @a有书目 (第315页) | |
| 330 | @a本书为国家发改委经济研究所的研究课题。全书从欧盟燃气体制成功的经验入手,对我国燃气存在的问题及改革思路提出了独特的观点。 | |
| 510 | 1 | @aCity gas@eRegulation system of EU & reform of China@zeng |
| 517 | 1 | @a欧盟的管理体制和中国的改革@Aou meng de guan li ti zhi he zhong guo de gai ge |
| 606 | 0 | @a城市燃气@Acheng shi ran qi@x管理体制@x体制改革@x研究@y世界 |
| 690 | @aF294.2@v4 | |
| 701 | 0 | @a姜润宇@Ajiang run yu@4主编 |
| 801 | 0 | @aCN@bQSSK@c20060530 |
| 905 | @a10447@dF294.2@eJ528 | |
| 城市燃气= City gas,regulation system of EU & reform of China:欧盟的管理体制和中国的改革/姜润宇主编.-北京:中国市场出版社,2006.01 |
| 316页:图;21cm |
| ISBN 7-80155-961-4:CNY28.00 |
| 本书为国家发改委经济研究所的研究课题。全书从欧盟燃气体制成功的经验入手,对我国燃气存在的问题及改革思路提出了独特的观点。 |
| ● |
| 相关链接 |
|
|
|
正题名:城市燃气
索取号:F294.2/J528
 
预约/预借
| 序号 | 登录号 | 条形码 | 馆藏地/架位号 | 状态 | 备注 |
| 1 | 558851 | 205588513 | 社科二线400B/400B社科库 31排2列5层/ [索取号:F294.2/J528] | 在馆 | |
| 2 | 558852 | 205588522 | 社科二线422/409社科库 114排1列1层/ [索取号:F294.2/J528] | 在馆 | |
| 3 | 558853 | 205588531 | 社科二线400B/400B社科库 31排4列1层/ [索取号:F294.2/J528] | 在馆 | |
| 4 | 603888 | 206038884 | 社科库409/409社科库 114排1列1层/ [索取号:F294.2/J528] | 在馆 | |
| 5 | 603889 | 206038893 | 社科二线400B/400B社科库 31排2列5层/ [索取号:F294.2/J528] | 在馆 | |
| 6 | 603890 | 206038900 | 社科二线422/409社科库 114排1列1层/ [索取号:F294.2/J528] | 在馆 |